|
|
|
|
| LEADER |
00000nam0a2200000 4500 |
| 001 |
50453 |
| 005 |
20231031033108.0 |
| 035 |
|
|
|a (RuTPU)RU\TPU\book\52833
|
| 090 |
|
|
|a 50453
|
| 100 |
|
|
|a 20030416d1998 k y0rusy50 ca
|
| 101 |
0 |
|
|a rus
|
| 102 |
|
|
|a RU
|
| 105 |
|
|
|a a z 001zy
|
| 200 |
1 |
|
|a Зона межформационного контакта в каре оз. Грубепендиты
|f Я. Э. Юдович [и др.]
|g Уральское отделение РАН; Коми научный центр; Институт геологии; под ред. Б. А. Остащенко
|
| 210 |
|
|
|a Сыктывкар
|c Геопринт
|d 1998
|
| 215 |
|
|
|a 97 с.
|c ил.
|
| 320 |
|
|
|a Библиогр.: с. 91-94.
|
| 610 |
1 |
|
|a геология
|
| 610 |
1 |
|
|a осадочные породы
|
| 610 |
1 |
|
|a Приполярный Урал
|
| 610 |
1 |
|
|a озера
|
| 610 |
1 |
|
|a Грубепендиты
|
| 610 |
1 |
|
|a ледниковый кар
|
| 610 |
1 |
|
|a геологическое строение
|
| 610 |
1 |
|
|a литохимия
|
| 610 |
1 |
|
|a горные породы
|
| 610 |
1 |
|
|a геохимия
|
| 610 |
1 |
|
|a минералогия
|
| 675 |
|
|
|a 551.263.036
|v 3
|
| 701 |
|
1 |
|a Юдович
|b Я. Э.
|g Яков Эльевич
|
| 701 |
|
1 |
|a Ефанова
|b Л. И.
|g Людмила Ивановна
|
| 701 |
|
1 |
|a Швецова
|b И. В.
|g Ирина Викторовна
|
| 701 |
|
1 |
|a Козырева
|b И. В.
|g Ирина Владимировна
|
| 701 |
|
1 |
|a Котельникова
|b Е. А.
|g Евгения Александровна
|
| 702 |
|
1 |
|a Остащенко
|b Б. А.
|4 340
|
| 712 |
0 |
2 |
|a Российская академия наук
|b Уральское отделение
|b Коми научный центр
|b Институт геологии (ИГ Коми НЦ УрО РАН)
|c (Сыктывкар)
|2 stltpush
|3 (RuTPU)RU\TPU\col\7925
|
| 801 |
|
1 |
|a RU
|b 63413507
|c 20030416
|g PSBO
|
| 801 |
|
2 |
|a RU
|b 63413507
|c 20071011
|g PSBO
|
| 942 |
|
|
|c BK
|